Statystyki dla Opisy Sztuki Starożytnego Egiptu#1

Kliknij tutaj aby rozwiązać quiz!

Ogólne statystyki

  • Ten quiz został rozwiązany 14 razy
    (12 od ostatniego zresetowania)
  • Średni wynik to 13 z 19

Statystyki odpowiedzi

ZagadnienieOdpowiedź% Poprawnych
Kamienna paleta o wym.63,5×42cm, aleurytu, upamietniajaca zjednoczenie górnego i dolnego egiptu, powstała ok.3000r (z okresu predynastycznego)
100%
Służyła do rozcierania makijażu lub barwników, udekorowana scenami polowań, (z okresu predynastycznego)
100%
System pisma egipskiego(z okresu przedynastycznego)
100%
Stela 4 wladcy egiptu dieta, panującego od 31 do 32Wp.n.e( z okresu wczesnodynastycznego)
100%
Przedstawienie wladcy Mykerinosa z bogini Hathor i Bogin uosabiających now Górnego egiptu (z okresu starego państwa)
88%
Malowidlo przedstawiające kobiety wynajmowane na pogrzebach, pochadzace z grobu Ramzesa III(z okresu nowego państwa)
75%
Łamana piramida z wapienia w Dahszur, grobowiec Snofru z 4 dynasti, ok 2600r.p.n.e(z okresu starego państwa)
75%
Wapienna Piramida schodkowa w Sakkarze, zbudowana ok.2650r.p.n.e,grobowiec Dzesera, budowniczy-Inhotep(z okresu starego państwa)
75%
Monolityczna wapienna Budowla mitycznego stworzenia, element kompleksu piramid w Gizie wysokość 20m(z okresu starego państwa)
75%
Pierwsza monumentalna rzezba w sztuce egiptu, przedstawiająca wladce z 4 dynastii(z okresu starego państwa)
75%
Piramida w Gizie, zbudowana ok2560r.p.n.e, grobowiec faraona Cheopsa, z wapienia granitu, bazaltu, wysokość 139m (z okresu starego państwa)
75%
Drewniany posąg Ka-apera z ok2465-2458r.p.n.e(z okresu starego państwa)
75%
Pomnik wladcy starożytnego egiptu z 4 dynasti z żona(z okresu starego państwa)
75%
Rzezba kapłana Heliopolis, przyrodniego brata Cheopsa i jego zony(z okresu starego państwa)
63%
Wapienna rzeźba uczonego w pismie pokryta polichromią powstała ok 2620-2500r.p.n.e(z okresu starego państwa)
63%
Malowidlo z grobu Nachta w Tebach z ok1410r.p.n.e(z okresu nowego państwa)
38%
Frys z grobu mastaba, z pocz. 4 dynastii z ok2600r.p.n.e(z okresu starego państwa)
25%
Malowidlo z grobu skryby Menny w Tebach(z okresu nowego państwa)
25%
Malowidlo przedstawiające sześć corek krola Echnatona(z okresu nowego państwa)
25%

Rozkład punktacji

Percentyl według liczby udzielonych odpowiedzi

Procent ludzi z każdym wynikiem

Twoja historia wyników

Nie rozwiązałeś tego quizu od ostatniego zresetowania